000
00314nam a2200133Ia 4500
008
191201s2013 xx 000 0 und d
100
_a
PUNMIA, BC
245
0
_a
Strength of Materials
250
_a
10th
260
_a
N. Delhi
_b
Laxmi Publications
_c
2013
300
_a
805
650
_a
B.Tech(CE)
942
_2
ddc
_c
BK
999
_c
5822
_d
5822